01172nam a2200229I 4500999001500000001000700015003000400022005001700026008004100043010001300084040002700097082001500124092001600139130004700155245040100202260005800603300003800661500008000699700002900779942001300808952012100821 c5575d5575391203OSt20190107192647.0720825|1965||||||| |||| ||eng|c a64017541 aHiram College LibcDLC aREF 220.52 a220.52bBib0 aBible.lEnglish.sRevised Standard.f1964.10aHarper study Bible:bThe Holy Bible. Rev. Standard version.cTranslated from the original tongues, being the version set forth A.D. 1611, rev. A.D. 1881-1885 and A.D. 1901, compared with the most ancient authorities and rev. A.D. 1952. Reference ed. with concordance and maps. Introductions, annotations, topical headings, marginal references, and index prepared and edited by Harold Lindsell. aGrand Rapids, Michigan,bZondervan Pub. Housec[1965] axiv,1889,191p.bcol. maps.c22cm. a"Concordance to the Holy Bible, revised standard version": 191p. (3d group)1 aLindsell, Harold,d1913- 2ddccREF 00102ddc40718REFaHMCbHMCcREFd2019-01-07g250.00l0oREF 220.52p006385r2019-01-07 00:00:00w2019-01-07yREF